000 00903nam a2200277 i 4500
001 C2-0325176
003 PPAK
005 20180728123246.0
008 140120s2013 my a|||| ||||| | may d
040 _aPPAK
_beng
_cPPAK
_erda
082 0 4 _a336.20959505
_223
090 0 0 _a336.20959505
_bBER
_dKK
110 2 _aLembaga Hasil Dalam Negeri Malaysia
245 0 0 _aBerita hasil
250 _aBil 1/2013
264 1 _aKuala Lumpur :
_bLHDN Malaysia ,
_c2013
300 _a27 pages :
_bcolour illustrations ;
_c30 cm.
336 _2rdacontent
_atext
337 _2rdamedia
_aunmediated
338 _2rdacarrier
_avolume
650 1 0 _aTaxation - Malaysia - Periodicals. ; Employees' magazines, newsletters, etc. - Malaysia - Periodicals.
700 _eauthor
700 0 _aMuhamad Mustafa Said...[et al.],
_eeditor
710 2 _aLembaga Hasil Dalam Negeri Malaysia
_eorganizer
942 _ddc
_cB
999 _c124919
_d124919